Изгойничество как сюжет романа Патрика Зюскинда "Парфюмер: история одного убийцы"; Коммуникативные аспекты языка и культуры

Detaylı Bibliyografya
Parent link:Коммуникативные аспекты языка и культуры.— 2003.— С. 222-224.
Yazar: Брюханова А. А.
Dil:Rusça
Baskı/Yayın Bilgisi: 2003
Konular:
Materyal Türü: MixedMaterials Kitap Bölümü
KOHA link:https://koha.lib.tpu.ru/cgi-bin/koha/opac-detail.pl?biblionumber=102128

MARC

LEADER 00000naa2a2200000 4500
001 102128
005 20231031112844.0
035 |a (RuTPU)RU\TPU\book\110129 
090 |a 102128 
100 |a 20060920d2003 k y0rusy50 ca 
101 0 |a rus 
102 |a RU 
200 1 |a Изгойничество как сюжет романа Патрика Зюскинда "Парфюмер: история одного убийцы"  |f А. А. Брюханова 
320 |a Библиогр.: 3 назв. 
463 0 |0 (RuTPU)RU\TPU\book\64057  |y 5-98298-046-3  |t Коммуникативные аспекты языка и культуры  |o III Всероссийская научно-практическая конференция студентов, аспирантов и молодых ученых, Томск, 15-16 мая 2003 г.  |o Сборник научных трудов  |f Томский политехнический университет; Институт языковой коммуникации  |v С. 222-224.  |d 2003  |p 249 с. 
600 1 |a Зюскинд  |b П. 
610 1 |a изгои 
610 1 |a изгойничество 
610 1 |a общество 
610 1 |a социальная позиция 
610 1 |a нравственные ценности 
610 1 |a поведение 
610 1 |a способности 
610 1 |a сверхестественные способности 
610 1 |a труды учёных ТПУ 
700 1 |a Брюханова  |b А. А. 
801 1 |a RU  |b 63413507  |c 20060920  |g PSBO 
801 2 |a RU  |b 63413507  |c 20080408  |g PSBO 
942 |c BK